000 00936cam a2200301 4500
008 090401t1985 xxu||||| |||| 00| 0 eng d
020 _a0919088155
035 _a(Sirsi) u12528
041 _aeng
050 _a526.90285
110 _aFederation International Des Geometres
245 4 _aThe decision maker and land information systems : papers and proceedings from the FIG international symposium held in Edmonton, Alberta, Canada, 15 - 19 October 1984
260 _aOttawa, Ontario
_bCanadian Institute of Surveying
_c1985
300 _aix, 452p. ; 21cm.
350 _a0
650 _aAUSTRALIA
650 _aCADASTRAL SURVEYING
650 _aCANADA
650 _aDIGITAL MAPPING
650 _aGIS
650 _aMALAYSIA
650 _aNETHERLANDS
650 _aSWITZERLAND
650 _aUNITED STATES OF AMERICA
700 _aHamilton,Angus & McLaughlin,John.,
_xEditor
942 _n0
948 _c04/03/1997
999 _c87004
_d87004